धर्म लोकतंत्र और भारत (Record no. 1467065)

MARC details
000 -LEADER
fixed length control field 01102 a2200217 4500
005 - DATE AND TIME OF LATEST TRANSACTION
control field 20260313155613.0
008 - FIXED-LENGTH DATA ELEMENTS--GENERAL INFORMATION
fixed length control field 260313b |||||||| |||| 00| 0 eng d
020 ## - INTERNATIONAL STANDARD BOOK NUMBER
International Standard Book Number 9789364105798 (hbk)
037 ## - SOURCE OF ACQUISITION
Terms of availability TB
040 ## - CATALOGING SOURCE
Original cataloging agency AL
Transcribing agency AL
041 ## - LANGUAGE CODE
Source of code hin
Language code of text/sound track or separate title hin
084 ## - COLON CLASSIFICATION NUMBER
Classification number W6.2 152R6
Assigning agency AL
100 ## - MAIN ENTRY--PERSONAL NAME
Personal name चतुर्वेदी, जगदीश्वर
9 (RLIN) 862276
245 ## - TITLE STATEMENT
Title धर्म लोकतंत्र और भारत
260 ## - PUBLICATION, DISTRIBUTION, ETC.
Place of publication, distribution, etc. नई दिल्ली, भारत:
Name of publisher, distributor, etc. अनामिका पब्लिशर्स एण्ड डिस्ट्रीब्यूटर्स (प्रा.) लिमिटेड,
Date of publication, distribution, etc. 2026.
300 ## - PHYSICAL DESCRIPTION
Extent 177पृ.
650 ## - SUBJECT ADDED ENTRY--TOPICAL TERM
Topical term or geographic name entry element लोकतंत्र
650 ## - SUBJECT ADDED ENTRY--TOPICAL TERM
Topical term or geographic name entry element राजनीतिक विज्ञान
942 ## - ADDED ENTRY ELEMENTS (KOHA)
Koha item type Textbook
Source of classification or shelving scheme Colon Classification (CC)
Classification part W6.2 152R6
Holdings
Withdrawn status Lost status Source of classification or shelving scheme Damaged status Not for loan Home library Current library Date acquired Source of acquisition Cost, normal purchase price Total Checkouts Full call number Barcode Date last seen Cost, replacement price Price effective from Koha item type
    Colon Classification (CC)     Arts Library Arts Library 2026-02-04 15/ अनामिका पब्लिशर्स एण्ड डिस्ट्रीब्यूटर्स (प्राइवेट) लिमिटेड 556.00   W6.2 152R6 AL1805182 2026-02-04 695.00 2026-02-04 Textbook
Copyright @ Delhi University Library System